Flaggen der Provinzen der Niederlande - Statistiken

Allgemein
  • Dieses Quiz wurde 122 mal gespielt
  • Das Durchschnittsergebnis liegt bei 9 aus 12
Antwortstatistiken
Bildquiz Antwort % Korrekt
Nordholland
93%
Südholland
93%
Friesland
90%
Zeeland
85%
Utrecht
81%
Limburg
80%
Groningen
78%
Nordbrabant
78%
Flevoland
69%
Overijssel
69%
Gelderland
68%
Drente Drenthe
66%
Keine übereinstimmenden Quizze gefunden
Verteilung der Resultate
Anzahl Personen mit jedem Resultat
Perzentil nach korrekt beantworteten Fragen
Ihre Resultats-Entwicklung
Sie haben dieses Quiz noch nicht gespielt